000 00238nam a22001217a 4500
003 SGT
082 _a823
_bROW
100 _aROWELL RAINBOW
245 _aFANGIRL
260 _aUK
_bMACMILLAN PUB
_c2013
300 _a459
942 _2ddc
_cBK
999 _c33986
_d33986